Personaggi di Friends - Morte improvvisa - Statistics

Statistiche generali
  • Questo quiz è stato fatto 327 volte
  • Il punteggio medio è 7 su 10
Answers on the Grid
Answers color-coded by a green-red scale on the quiz's grid according to % correct below.
Monica Geller
Chandler Bing
Phoebe Buffay
Joey Tribbiani
Ben Geller
Carol Willick
Mike Hannigan
Richard Burcke
Rachel Green
Janice Litman
Michael Scott
Dwight Schrute
Ryan Howard
Jay Pritchett
Haley Dunphy
Dylan Marshall
Jessica Wicks
Stuart Bloom
Judy Eriksen
Stella Zinman
Sandy Rivers
Gina Linetti
Charles Boyle
Doug Judy
Garrett McNeill
Dina Fox
Jonah Simms
Diane Lewis
 
Statistiche sulle risposte
Risposta % Corretto
Chandler Bing
86%
Rachel Green
83%
Joey Tribbiani
81%
Monica Geller
81%
Phoebe Buffay
80%
Ben Geller
68%
Janice Litman
57%
Richard Burcke
52%
Carol Willick
45%
Mike Hannigan
40%
Nessun quiz corrispondente trovato
Distribuzione punteggi
Percentuale di utenti per punteggio
Percentile per numero di risposta
I tuoi punteggi nel tempo
Non hai fatto questo quiz